000 00616nam a2200217 4500
001 122996
003 ES-MaACL
005 20230906192102.0
007 t|
008 070214s1957 sp r ||||0| spa d
100 1 _aPutz, Joseph.
_994437
245 1 0 _aVivir la misa /
_cJoseph Putz ; traducción del inglés por Carlos Manzanares.
250 _a1ª. ed.
260 _aBarcelona :
_bDestino,
_c1957.
300 _a278 p :
_bil ;
_c15 cm.
490 1 _aLa espiga
700 1 _aManzanares, Carlos.
_976196
830 0 _aLa espiga
_9183676
852 _aES-MaACL
_jC-14023
_bR.41509
999 _c122996
_d122996